| 000 | 00447nam a22001697a 4500 | ||
|---|---|---|---|
| 999 |
_c12486 _d12486 |
||
| 008 | 210203b ||||| |||| 00| 0 eng d | ||
| 082 | 0 | 0 |
_a621.4021 _bS6713 |
| 100 |
_970 _aSneeden, J.B.O. |
||
| 245 | 1 | 0 |
_aApplied heat for engineers _cby J.B.O. Sneeden and S. V. Kerr |
| 250 | _a4th ed. | ||
| 260 |
_aLondon _bBlackie _c1971 |
||
| 300 | _axv, 420p. | ||
| 365 | _d54.00 | ||
| 650 | 0 | _aThermodynamics | |
| 700 |
_94542 _aKerr, S. V. |
||
| 942 | _cBK | ||